000 00424nam a2200181Ia 4500
001 14418
005 20260306164913.0
008 260306t1996||||xx |||||||||||||| ||spa||
041 _aESP
082 _a514.742
_bB81
100 _aBraun, Eliezer,
_eAUT
245 0 _aCaos, fractales y cosas raras
260 _c1996
300 _a154 páginas :
_c21 cm.
650 _aGEN
654 _aCMA
942 _cLIB
_dJUS
_fJUS
_2ddc
_n
999 _c14418
_d14418